Campeões Mundiais que jogaram no São Paulo - Statistics

Estatísticas Gerais
  • Esse quiz foi jogado 84 vezes
  • A pontuação média é 11 de 27
Estatísticas das Respostas
Copa Jogador Posição % Correto
2002 Rogério Ceni Goleiro
86%
1994-2002 Cafu Lateral D
83%
2002 Kaká Meia
76%
2002 Rivaldo Meia - Atacante
67%
1994 Raí Meia
60%
1994 Zetti Goleiro
51%
2002 Lúcio Zagueiro
49%
2002 Denilson Meia - Atacante
46%
2002 J. Nagata Lateral E
46%
2002 Luizão Atacante
42%
1994 Müller Atacante
42%
2002 Juninho Paulista Meia
39%
1994 Leonardo Lateral E - Meia
38%
2002 Belletti Lateral D - Volante
36%
1958-1962 Bellini Zagueiro
36%
2002 Ricardinho Meia
36%
1970 Gérson Meia
33%
1994 Jorginho Lateral D
33%
1994 Gilmar Goleiro
32%
1994 Ronaldão Zagueiro
32%
1994 Ricardo Rocha Zagueiro
29%
1994 Márcio Santos Zagueiro
22%
1958-1962 Didi Meia
17%
1958 Dino Sani Volante
14%
1958 De Sordi Lateral D
11%
1958 Mauro Ramos Zagueiro
11%
1962 Jurandir Zagueiro
6%
Nenhum quiz correspondente encontrado
Distribuição das Pontuações
Porcentagem de Pessoas com Cada Pontuação
Percentil de Números Respondidos
Sua Pontuação Histórica
Você não jogou esse quiz